| 000 | 00419nam a2200133Ia 4500 | ||
|---|---|---|---|
| 005 | 20260326235506.0 | ||
| 008 | 260326s9999||||xx |||||||||||||| ||und|| | ||
| 100 | _aUniversidad Pontificia Bolivariana | ||
| 245 | 0 |
_aSimposio sobre AntropologĂa de la Vivienda - Septiembre 10 al 14 de 1990 / _cUniversidad Pontificia Bolivariana |
|
| 260 | _bColcultura | ||
| 300 | _a212 p. | ||
| 650 | _aVIVIENDA ECONÓMICA | ||
| 942 | _cBK | ||
| 999 |
_c8203 _d8203 |
||